[Event "II Scaccomatto A"]
[Site "Torino ITA"]
[Date "1998.04.30"]
[Round "6"]
[White "Castaldo, Folco"]
[Black "Sulava, Nenad"]
[Result "0-1"]
[WhiteElo "2155"]
[BlackElo "2450"]
[PlyCount "70"]
[EventDate "1998.04.25"]

1.e4 e6 2.d4 c5 3.c3 a6 4.Nf3 d5 5.exd5 exd5 6.dxc5 Bxc5 7.Bd3 Ne7 8.O-O 
Nbc6 9.Nbd2 Bg4 10.Re1 Qc7 11.Nf1 O-O-O 12.Ng3 f5 13.b4 Ba7 14.a4 f4 15.
Nf1 Ng6 16.b5 Nce5 17.Be2 Bxf3 18.Bxf3 Rhe8 19.Bb2 Bxf2+ 20.Kxf2 Qc5+ 21.
Qd4 Nd3+ 22.Kg1 Qxd4+ 23.cxd4 Rxe1 24.Bg4+ Kc7 25.Rxe1 Nxe1 26.Bf5 Nh4 27.
Bxh7 g6 28.Bc3 Nexg2 29.bxa6 Rh8 30.Bxg6 Nxg6 31.Kxg2 bxa6 32.Bb4 Nh4+ 33.
Kf2 Rg8 34.Bc5 Rg2+ 35.Ke1 Nf3+ 0-1

[Event "II Scaccomatto A"]
[Site "Torino ITA"]
[Date "1998.04.30"]
[Round "6"]
[White "Cebalo, Miso"]
[Black "Romanishin, Oleg M."]
[Result "1/2-1/2"]
[WhiteElo "2515"]
[BlackElo "2570"]
[PlyCount "51"]
[EventDate "1998.04.25"]

1.d4 Nf6 2.Nf3 e6 3.c4 b6 4.a3 c5 5.d5 Ba6 6.Qc2 exd5 7.cxd5 g6 8.Nc3 Bg7 
9.g3 O-O 10.Bg2 d6 11.O-O Re8 12.Re1 Nbd7 13.h3 b5 14.Bf4 Qb6 15.e4 Rac8 
16.a4 b4 17.Nb5 Bxb5 18.axb5 Nh5 19.Be3 Qxb5 20.Rxa7 b3 21.Qb1 Ne5 22.g4 
Nxf3+ 23.Bxf3 Nf6 24.Bf4 Qb6 25.Ra4 Nd7 26.Qa1 1/2-1/2

[Event "II Scaccomatto A"]
[Site "Torino ITA"]
[Date "1998.04.30"]
[Round "6"]
[White "Crea, Vincenzo"]
[Black "Astengo, Corrado"]
[Result "1/2-1/2"]
[WhiteElo "2120"]
[BlackElo "2180"]
[PlyCount "149"]
[EventDate "1998.04.25"]

1.d4 Nf6 2.Nf3 e6 3.Bf4 b6 4.e3 Bb7 5.Nbd2 Be7 6.Bd3 Nh5 7.Bg3 d6 8.c3 Nd7
9.Qc2 f5 10.Bc4 Nf8 11.Qb3 Nxg3 12.hxg3 Qd7 13.d5 exd5 14.Bxd5 Bxd5 15.
Qxd5 c6 16.Qd3 d5 17.O-O-O O-O-O 18.Ne5 Qe6 19.Qa6+ Kb8 20.Nd3 g5 21.Nb3 
c5 22.a4 Bf6 23.Rh6 Rd6 24.Qb5 Qd7 25.Ne1 Qxb5 26.axb5 Kc7 27.Kc2 Ng6 28.
Ra1 Kb7 29.Nf3 Bg7 30.Rh5 h6 31.Nc1 Re8 32.Nd3 Ne5 33.Nfxe5 Bxe5 34.Ra6 
Bg7 35.Nxc5+ Kb8 36.Rh1 Rc8 37.Nd3 d4 38.exd4 Rxd4 39.Re1 Rc7 40.Ne5 Bxe5 
41.Rxe5 f4 42.g4 Rd6 43.Ra1 Rcd7 44.Re2 Rd5 45.c4 Rc7 46.Kb3 Rd4 47.Rc2 
Rd3+ 48.Kb4 f3 49.gxf3 Rxf3 50.Rh1 Rf4 51.Rxh6 Rxg4 52.Rg6 Rf7 53.Re2 Rgf4
54.Re8+ Kb7 55.b3 Rxf2 56.Rgg8 Kc7 57.Ra8 Kd6 58.Rxg5 R2f4 59.Rd5+ Ke6 60.
Re8+ Kf6 61.Rd6+ Kg7 62.Red8 R4f5 63.R8d7 Kf8 64.Ka4 Ke8 65.Rxf7 Rxf7 66.
b4 Rf4 67.Rc6 Kd8 68.Kb3 Rf3+ 69.Kc2 Kd7 70.Rg6 Kc7 71.Rg7+ Kb8 72.c5 bxc5
73.bxc5 Rf5 74.Rg8+ Kc7 75.b6+ 1/2-1/2

[Event "II Scaccomatto A"]
[Site "Torino ITA"]
[Date "1998.04.30"]
[Round "6"]
[White "Faraoni, Enrico"]
[Black "Sebastianelli, Diego"]
[Result "0-1"]
[WhiteElo "2190"]
[BlackElo "2345"]
[PlyCount "34"]
[EventDate "1998.04.25"]

1.e4 c5 2.Nf3 e6 3.b4 cxb4 4.a3 d5 5.e5 Nc6 6.axb4 Bxb4 7.c3 Be7 8.Ra4 Nh6
9.Bd3 Qc7 10.Qe2 Bd7 11.Bb5 a6 12.d4 Nxe5 13.dxe5 Bxb5 14.Qxb5+ axb5 15.
Rxa8+ Bd8 16.O-O O-O 17.Ba3 Be7 0-1

[Event "II Scaccomatto A"]
[Site "Torino ITA"]
[Date "1998.04.30"]
[Round "6"]
[White "Lanzani, Mario"]
[Black "Dorfman, Iossif D."]
[Result "1/2-1/2"]
[WhiteElo "2375"]
[BlackElo "2600"]
[PlyCount "44"]
[EventDate "1998.04.25"]

1.e4 e5 2.Nf3 Nc6 3.Nc3 Nf6 4.Bb5 Nd4 5.Nxd4 exd4 6.e5 dxc3 7.exf6 Qxf6 8.
dxc3 Qe5+ 9.Qe2 Qxe2+ 10.Bxe2 Bc5 11.O-O d5 12.Bf4 c6 13.Rfe1 Be6 14.Bd3 
O-O 15.a4 Rae8 16.a5 a6 17.Be5 Bd7 18.Bd4 Bd6 19.b4 f6 20.f3 Kf7 21.Kf2 h5
22.g3 g6 1/2-1/2

[Event "II Scaccomatto A"]
[Site "Torino ITA"]
[Date "1998.04.30"]
[Round "6"]
[White "Magnifico, Giuseppe"]
[Black "Dubois, Martine"]
[Result "0-1"]
[WhiteElo "1906"]
[BlackElo "2060"]
[PlyCount "154"]
[EventDate "1998.04.25"]

1.d4 d5 2.c4 Bf5 3.Nc3 e6 4.Nf3 Nc6 5.a3 Nf6 6.Bg5 Be7 7.cxd5 exd5 8.e3 
Ne4 9.Bxe7 Nxe7 10.Rc1 O-O 11.Be2 c6 12.O-O Ng6 13.Na4 Qf6 14.Nc5 Nxc5 15.
Rxc5 Rfe8 16.b4 a6 17.Qd2 Re6 18.Rfc1 Rae8 19.a4 Nh4 20.Nxh4 Qxh4 21.g3 
Qh6 22.b5 axb5 23.axb5 Be4 24.f4 Rg6 25.Bf1 Rge6 26.bxc6 bxc6 27.Qc3 Qh5 
28.Qd2 Qf3 29.Bg2 Qxg2+ 30.Qxg2 Bxg2 31.Kxg2 Rxe3 32.Rxc6 Re2+ 33.Kf3 
R8e3+ 34.Kg4 g6 35.R1c2 h5+ 36.Kh3 Rxc2 37.Rxc2 Rd3 38.Kg2 Rxd4 39.Kf3 
Rd3+ 40.Ke2 Ra3 41.Rd2 Ra5 42.Kd3 Kg7 43.Kd4 f6 44.Rc2 Kf7 45.Re2 Rb5 46.
Re3 Rb2 47.Kxd5 Rxh2 48.Kd4 Rh3 49.Ra3 h4 50.Ra7+ Ke6 51.gxh4 Kf5 52.Ra4 
Rxh4 53.Ke3 Rh3+ 54.Kf2 Rb3 55.Rc4 Kg4 56.Ke2 Rg3 57.Rb4 f5 58.Rc4 Kh3 59.
Kf2 Rg4 60.Rb4 Kh4 61.Ke3 g5 62.Ra4 Kg3 63.Ra1 Rxf4 64.Rg1+ Kh4 65.Rh1+ 
Kg4 66.Rg1+ Kh5 67.Rh1+ Rh4 68.Rg1 Rh3+ 69.Kf2 g4 70.Kg2 f4 71.Ra1 Rb3 72.
Rh1+ Kg5 73.Rh8 Rb2+ 74.Kh1 g3 75.Rg8+ Kf5 76.Rc8 Kg4 77.Rc1 Kh3 0-1

[Event "II Scaccomatto A"]
[Site "Torino ITA"]
[Date "1998.04.30"]
[Round "6"]
[White "Malano, Francesco"]
[Black "Barbiso, Tiziana"]
[Result "1/2-1/2"]
[WhiteElo "2050"]
[BlackElo "1840"]
[PlyCount "105"]
[EventDate "1998.04.25"]

1.Nf3 d5 2.c4 e6 3.d4 Nf6 4.Nc3 Be7 5.Bg5 Nbd7 6.e3 O-O 7.Bd3 dxc4 8.Bxc4 
c5 9.O-O a6 10.a4 cxd4 11.exd4 Nd5 12.Bxe7 Nxe7 13.Qe2 Nf6 14.Rad1 Qa5 15.
Rd2 Bd7 16.Qe5 Nc6 17.Qxa5 Nxa5 18.Ba2 Rfd8 19.d5 exd5 20.Bxd5 Nxd5 21.
Rxd5 Nc6 22.Nd4 Nb4 23.Rd6 Bxa4 24.Rb6 Rxd4 25.Nxa4 Nd5 26.Rd6 Rxa4 27.
Rxd5 Rb4 28.Rfd1 g6 29.R1d2 Rc8 30.Rd8+ Rxd8 31.Rxd8+ Kg7 32.Rd2 Ra4 33.g3
Ra2 34.Kg2 a5 35.Kf3 Ra4 36.Ke3 Rb4 37.Kd3 Kf6 38.Kc3 Ke6 39.Rd8 b5 40.b3 
Ke7 41.Ra8 Re4 42.Kd3 Rb4 43.Kc3 Re4 44.Rxa5 Re2 45.f4 Rxh2 46.Rxb5 Rh3 
47.Re5+ Kd6 48.Re3 h5 49.Kd4 h4 50.gxh4 Rxh4 51.Rf3 g5 52.Ke4 Rxf4+ 53.
Rxf4 1/2-1/2

[Event "II Scaccomatto A"]
[Site "Torino ITA"]
[Date "1998.04.30"]
[Round "6"]
[White "Mastrorilli, Nicola"]
[Black "Mordiglia, Riccardo"]
[Result "1-0"]
[WhiteElo "1905"]
[BlackElo "2115"]
[PlyCount "89"]
[EventDate "1998.04.25"]

1.d4 g6 2.Nf3 Bg7 3.c4 d6 4.Nc3 Nf6 5.e3 Bg4 6.Be2 Nbd7 7.h3 Bxf3 8.Bxf3 
c6 9.O-O O-O 10.e4 e5 11.d5 c5 12.Be3 Ne8 13.Qd2 f5 14.Bg5 Bf6 15.Bh6 Ng7 
16.g4 f4 17.Nb5 Be7 18.a3 a6 19.Nc3 Bg5 20.Bxg7 Kxg7 21.Qc2 Rf7 22.Rfc1 
Kf6 23.Na4 h5 24.gxh5 gxh5 25.Kh2 Qe7 26.Qe2 Rh8 27.b4 b6 28.bxc5 bxc5 29.
Rab1 Nf8 30.Rb6 Ng6 31.Rcb1 Nh4 32.Nxc5 Rg7 33.Nb7 Kg6 34.Nxd6 Bf6 35.Rxa6
Kh7 36.Rb7 Qf8 37.Raa7 Rg8 38.Rxg7+ Rxg7 39.Rxg7+ Bxg7 40.c5 Qa8 41.Nc4 
Qa4 42.Nd2 Qxa3 43.c6 Qc1 44.Bxh5 Bh6 45.Nf3 1-0

[Event "II Scaccomatto A"]
[Site "Torino ITA"]
[Date "1998.04.30"]
[Round "6"]
[White "Mollero, Michele"]
[Black "Lampic, Teo"]
[Result "0-1"]
[WhiteElo "2135"]
[BlackElo "2295"]
[PlyCount "132"]
[EventDate "1998.04.25"]

1.d4 d6 2.e4 e5 3.dxe5 dxe5 4.Qxd8+ Kxd8 5.Bc4 f6 6.Be3 c6 7.c3 Nd7 8.Nd2 
Bc5 9.Bxc5 Nxc5 10.O-O-O Kc7 11.b4 Ne6 12.Nb3 Nh6 13.f3 Nf7 14.Ne2 Nd6 15.
Bd3 b6 16.Nd2 a5 17.Kb2 Ba6 18.Bxa6 Rxa6 19.a3 Rha8 20.Ra1 b5 21.Rhb1 Rd8 
22.Kc2 Rda8 23.Kb2 c5 24.bxc5 Nxc5 25.Kc2 Rc6 26.Kd1 Rd8 27.Ke1 Na4 28.Rb3
Nc5 29.Rbb1 g6 30.Kf1 Na4 31.Rb3 f5 32.exf5 gxf5 33.Kf2 Kd7 34.Kg1 Rdc8 
35.Rc1 Rc5 36.Rc2 Rd5 37.Kf2 Rd3 38.Nf1 Ke6 39.Rd2 Nc5 40.Rxd3 Nxb3 41.Ne3
f4 42.Nc2 Nc4 43.Rd1 a4 44.g3 Nb2 45.Rb1 Nd3+ 46.Kg2 Kd5 47.Rd1 Kc4 48.Nb4
Nxb4 49.cxb4 Rf8 50.gxf4 Nd4 51.Kf2 Nxe2 52.Kxe2 Rxf4 53.Rc1+ Kb3 54.Rc5 
Kxa3 55.Rxb5 Kb2 56.Rxe5 a3 57.Rd5 a2 58.Rd2+ Kb3 59.Rd3+ Kxb4 60.Rd1 Rh4 
61.Rh1 Kb3 62.Kf2 Kb2 63.Kg3 Rc4 64.Rf1 a1=Q 65.Rxa1 Kxa1 66.f4 Kb2 0-1

[Event "II Scaccomatto A"]
[Site "Torino ITA"]
[Date "1998.04.30"]
[Round "6"]
[White "Racioppo, Paolo"]
[Black "Rossi, Carlo"]
[Result "0-1"]
[WhiteElo "2235"]
[BlackElo "2330"]
[PlyCount "112"]
[EventDate "1998.04.25"]

1.e4 Nc6 2.d3 Nf6 3.Nf3 d5 4.Nbd2 e5 5.c3 a5 6.Be2 Bc5 7.O-O O-O 8.b3 Re8 
9.Bb2 Nh5 10.g3 Bh3 11.Re1 Nf6 12.Nh4 Qd6 13.Ng2 Rad8 14.Qc2 dxe4 15.Nxe4 
Nxe4 16.dxe4 Qf6 17.Bf1 Bg4 18.Ne3 Bf3 19.Nd5 Qg6 20.Qd3 Qg4 21.Bg2 Bxg2 
22.Kxg2 Rd6 23.h3 Qc8 24.Rad1 Rh6 25.Rh1 Nd8 26.b4 axb4 27.cxb4 Bd6 28.Bc1
Rg6 29.h4 h5 30.a3 Ne6 31.Kh2 Nd4 32.Rde1 c6 33.Nc3 Qg4 34.Kg2 Rf6 35.Re3 
Ne6 36.Kf1 Rd8 37.Qe2 Qg6 38.Rd3 Bc7 39.Kg2 Rxd3 40.Qxd3 Bb6 41.Rf1 Nf4+ 
42.Bxf4 exf4 43.a4 f3+ 44.Kh2 Rf4 45.Rg1 Bxf2 46.Qd8+ Kh7 47.Qg5 Bxg1+ 48.
Kxg1 Qxg5 49.hxg5 f2+ 50.Kf1 Rf3 51.Nd1 Kg6 52.Nxf2 Kxg5 53.Kg2 Ra3 54.
Nh3+ Kf6 55.b5 Rxa4 56.bxc6 bxc6 0-1

[Event "II Scaccomatto A"]
[Site "Torino ITA"]
[Date "1998.04.30"]
[Round "6"]
[White "Ragni, Paolo"]
[Black "Burlando, Alessandro"]
[Result "1-0"]
[WhiteElo "2028"]
[BlackElo "2112"]
[PlyCount "111"]
[EventDate "1998.04.25"]

1.c4 g6 2.g3 Bg7 3.Bg2 e5 4.Nc3 Nc6 5.d3 d6 6.Nf3 Bg4 7.h3 Bd7 8.O-O Nge7 
9.a3 f5 10.Qc2 a5 11.e3 O-O 12.Rb1 Qe8 13.b4 axb4 14.axb4 Nd8 15.Bd2 Ne6 
16.b5 g5 17.Ra1 Qg6 18.Nh2 f4 19.Bxb7 Rxa1 20.Rxa1 fxg3 21.fxg3 Qf5 22.g4 
Qf2+ 23.Kh1 Qg3 24.Bg2 Rf2 25.Rg1 Qxe3 26.Ne4 Rxg2 27.Rxg2 Qxh3 28.Bxg5 
Nxg5 29.Nxg5 Qh6 30.Ne4 Ng6 31.g5 Qh3 32.Rg3 Qh4 33.Qf2 Bc8 34.Nf6+ Bxf6 
35.gxf6 Kf7 36.Kg1 Bb7 37.Nf3 Qf4 38.Ng5+ Kxf6 39.Nxh7+ Kf7 40.Ng5+ Kf6 
41.Ne4+ Bxe4 42.dxe4 Qxf2+ 43.Kxf2 Nf4 44.Rf3 Ke6 45.Ke3 Ng6 46.Rh3 Kd7 
47.Rh7+ Ne7 48.Kd3 Kd8 49.Rg7 Nc8 50.Kc3 Nb6 51.Kb4 Nd7 52.Rg8+ Ke7 53.Rc8
Nf6 54.Rxc7+ Kd8 55.Rg7 Nxe4 56.b6 1-0

[Event "II Scaccomatto A"]
[Site "Torino ITA"]
[Date "1998.04.30"]
[Round "6"]
[White "Ranieri, Fabrizio"]
[Black "Squarci, Franco"]
[Result "1-0"]
[WhiteElo "2195"]
[BlackElo "1948"]
[PlyCount "105"]
[EventDate "1998.04.25"]

1.e4 e6 2.d4 d5 3.Nc3 dxe4 4.Nxe4 Nf6 5.Nxf6+ Qxf6 6.Nf3 Bd6 7.Bd3 h6 8.
Qe2 O-O 9.Qe4 Qf5 10.Qh4 Bb4+ 11.Kf1 Qf6 12.Qxf6 gxf6 13.Bxh6 Rd8 14.Bf4 
Bd6 15.Bxd6 Rxd6 16.h4 Nc6 17.Rd1 b6 18.Rh3 Bb7 19.Rg3+ Kh8 20.Be4 Rad8 
21.h5 Ba6+ 22.Bd3 Bxd3+ 23.Rxd3 Nxd4 24.Rxd4 Rxd4 25.Nxd4 Rxd4 26.Rd3 c5 
27.Rxd4 cxd4 28.Ke2 f5 29.f3 e5 30.g4 fxg4 31.fxg4 e4 32.c3 d3+ 33.Ke3 Kg7
34.a4 Kh6 35.b4 f5 36.gxf5 Kxh5 37.c4 Kg5 38.c5 bxc5 39.b5 c4 40.Kd2 Kf4 
41.f6 e3+ 42.Ke1 e2 43.Kf2 c3 44.f7 c2 45.f8=Q+ Ke4 46.Qb4+ Kd5 47.Qd2 Kc4
48.Ke3 Kb3 49.Kxd3 Kxa4 50.Qxc2+ Kxb5 51.Kxe2 a5 52.Qb3+ Ka6 53.Kd3 1-0

[Event "II Scaccomatto A"]
[Site "Torino ITA"]
[Date "1998.04.30"]
[Round "6"]
[White "Ravagnani, Tiziano"]
[Black "Sacchini, Michele"]
[Result "1-0"]
[WhiteElo "2015"]
[BlackElo "2030"]
[PlyCount "61"]
[EventDate "1998.04.25"]

1.e4 c5 2.Nf3 Nc6 3.d4 cxd4 4.Nxd4 Qb6 5.Nb3 Nf6 6.Nc3 e6 7.Be3 Qc7 8.f4 
d6 9.Be2 a6 10.O-O Be7 11.a4 b6 12.Bf3 Rb8 13.Qe2 O-O 14.Rad1 Nd7 15.Nd4 
Na5 16.f5 Ne5 17.fxe6 Bxe6 18.Nxe6 fxe6 19.Bg4 Qc4 20.Qxc4 Naxc4 21.Bxe6+ 
Kh8 22.Bc1 d5 23.exd5 Bc5+ 24.Kh1 Be3 25.b3 Bxc1 26.Rxc1 Nd2 27.Rxf8+ Rxf8
28.h3 Rf2 29.Kg1 Rf4 30.Rd1 Nxb3 31.cxb3 1-0

[Event "II Scaccomatto A"]
[Site "Torino ITA"]
[Date "1998.04.30"]
[Round "6"]
[White "Valenti, Giuseppe"]
[Black "Luther, Thomas"]
[Result "0-1"]
[WhiteElo "2210"]
[BlackElo "2510"]
[PlyCount "50"]
[EventDate "1998.04.25"]

1.e4 e6 2.d4 d5 3.Nd2 Nf6 4.e5 Nfd7 5.Bd3 c5 6.c3 Nc6 7.Ngf3 a5 8.O-O g6 
9.Re1 Bg7 10.Nf1 cxd4 11.cxd4 Qb6 12.Be2 O-O 13.Rb1 f6 14.exf6 Nxf6 15.Ng3
Ng4 16.h3 Nxf2 17.Kxf2 Bxd4+ 18.Kf1 e5 19.Bh6 Rf6 20.Bg5 Rf7 21.Bd3 Be6 
22.Ke2 e4 23.Nxe4 dxe4 24.Bxe4 Qb5+ 25.Bd3 Qxg5 0-1

[Event "II Scaccomatto A"]
[Site "Torino ITA"]
[Date "1998.05.01"]
[Round "7"]
[White "Astengo, Corrado"]
[Black "Ragni, Paolo"]
[Result "0-1"]
[WhiteElo "2180"]
[BlackElo "2028"]
[PlyCount "80"]
[EventDate "1998.04.25"]

1.e4 e5 2.Nf3 d6 3.d4 Nd7 4.Bc4 c6 5.Nc3 Be7 6.Bb3 Ngf6 7.h3 O-O 8.Be3 b5 
9.a3 a6 10.Qe2 Qc7 11.O-O exd4 12.Nxd4 Re8 13.Nf5 Bf8 14.Qf3 Ne5 15.Qf4 
Bxf5 16.Qxf5 Qd7 17.Qxd7 Nexd7 18.f3 h6 19.Rad1 Rad8 20.Bf4 Ne5 21.Bxe5 
dxe5 22.Rxd8 Rxd8 23.Rd1 Rxd1+ 24.Nxd1 Bc5+ 25.Kf1 Kf8 26.Nf2 Bxf2 27.Kxf2
Ke7 28.Ke3 c5 29.c4 b4 30.axb4 cxb4 31.Ba4 Kd6 32.b3 g5 33.g3 Nh5 34.Kf2 
Ng7 35.Ke3 Ne6 36.Be8 f6 37.Kd3 Nd4 38.Ba4 Nxf3 39.Ke3 Nd4 40.Kd3 Ne6 0-1

[Event "II Scaccomatto A"]
[Site "Torino ITA"]
[Date "1998.05.01"]
[Round "7"]
[White "Barbiso, Tiziana"]
[Black "Ravagnani, Tiziano"]
[Result "0-1"]
[WhiteElo "1840"]
[BlackElo "2015"]
[PlyCount "50"]
[EventDate "1998.04.25"]

1.e4 c5 2.c3 d5 3.exd5 Qxd5 4.d4 Nc6 5.Be3 cxd4 6.cxd4 e5 7.Nc3 Bb4 8.dxe5
Qxe5 9.Rc1 Nf6 10.a3 Bg4 11.Nf3 Bxc3+ 12.Rxc3 Bxf3 13.Qxf3 O-O 14.Bd3 Qd5 
15.Qh3 Ne5 16.Bb1 Qb5 17.Bd4 Rfe8 18.Re3 Rad8 19.Bxe5 Rxe5 20.Rxe5 Qxe5+ 
21.Qe3 Qb5 22.a4 Qa6 23.Be4 Qxa4 24.Bxh7+ Nxh7 25.O-O Nf6 0-1

[Event "II Scaccomatto A"]
[Site "Torino ITA"]
[Date "1998.05.01"]
[Round "7"]
[White "Burlando, Alessandro"]
[Black "Sacchini, Michele"]
[Result "1-0"]
[WhiteElo "2112"]
[BlackElo "2030"]
[PlyCount "64"]
[EventDate "1998.04.25"]

1.d4 Nf6 2.c4 e6 3.Nf3 d5 4.Nc3 Be7 5.Bg5 h6 6.Bxf6 Bxf6 7.e3 O-O 8.Qd2 b6
9.h4 Bb7 10.cxd5 exd5 11.g4 g6 12.g5 Bg7 13.gxh6 Bxh6 14.O-O-O Nd7 15.Bd3 
Nf6 16.Qc2 Bg7 17.Rdg1 Qe7 18.Ne5 Nd7 19.Nxd7 Qxd7 20.h5 Qe7 21.hxg6 c5 
22.gxf7+ Rxf7 23.Bg6 cxd4 24.Bxf7+ Qxf7 25.exd4 Re8 26.Rg5 Qf4+ 27.Qd2 
Qxd2+ 28.Kxd2 Kf7 29.Rh7 Rg8 30.Nxd5 Bxd5 31.Rxd5 Ke6 32.Rg5 Kf6 1-0

[Event "II Scaccomatto A"]
[Site "Torino ITA"]
[Date "1998.05.01"]
[Round "7"]
[White "Castaldo, Folco"]
[Black "Crea, Vincenzo"]
[Result "1/2-1/2"]
[WhiteElo "2155"]
[BlackElo "2120"]
[PlyCount "112"]
[EventDate "1998.04.25"]

1.e4 e6 2.d4 d5 3.Nd2 dxe4 4.Nxe4 Qd5 5.Bd3 Nf6 6.Nxf6+ gxf6 7.Nf3 Nc6 8.
Bf4 Bd6 9.Bxd6 cxd6 10.O-O Bd7 11.c4 Qh5 12.d5 Ne5 13.Be2 Rg8 14.Nxe5 Qxe5
15.Bf3 Qf4 16.dxe6 fxe6 17.Re1 Ke7 18.Re4 Qg5 19.Rd4 Qc5 20.Qd3 Be8 21.
Qxh7+ Bf7 22.Rad1 Rh8 23.Qd3 Rad8 24.Qd2 Bh5 25.Bxh5 Rxh5 26.b4 Qc6 27.Rg4
Rh7 28.Qd3 Rdh8 29.Qg3 e5 30.h3 Qa4 31.Rg7+ Kf8 32.Rxd6 Rxg7 33.Rxf6+ Kg8 
34.Qxe5 Qd1+ 35.Kh2 Qd7 36.Rf4 Rh6 37.Qb8+ Kh7 38.Qe5 Kh8 39.Rf8+ Kh7 40.
Qe4+ Rgg6 41.Re8 Qd6+ 42.g3 Qc6 43.Re7+ Kg8 44.Re8+ Kh7 45.Re7+ Kh8 46.
Re8+ Rg8 47.Qe5+ Qf6 48.Rxg8+ Kxg8 49.Qb8+ Qf8 50.Qxa7 Qc8 51.h4 Rf6 52.
Qd4 Qc6 53.Qg4+ Kf7 54.Qh5+ Kg8 55.Qg4+ Kf7 56.Qh5+ Kg8 1/2-1/2

[Event "II Scaccomatto A"]
[Site "Torino ITA"]
[Date "1998.05.01"]
[Round "7"]
[White "David, Alberto"]
[Black "Ranieri, Fabrizio"]
[Result "1-0"]
[WhiteElo "2525"]
[BlackElo "2195"]
[PlyCount "55"]
[EventDate "1998.04.25"]

1.e4 e6 2.d4 d5 3.Nc3 Bb4 4.e5 c5 5.a3 Bxc3+ 6.bxc3 Ne7 7.Qg4 Qc7 8.Qxg7 
Rg8 9.Qxh7 cxd4 10.Ne2 Nbc6 11.f4 Bd7 12.Qd3 dxc3 13.Be3 Nf5 14.Bf2 O-O-O 
15.h3 d4 16.g4 Nfe7 17.Bg2 Ng6 18.O-O a6 19.Rab1 Na5 20.Bxd4 Bb5 21.Rxb5 
axb5 22.Qxb5 Nc4 23.Rb1 b6 24.Rb4 Rxd4 25.Nxd4 Na5 26.Qa6+ Kd7 27.Rxb6 
Nxf4 28.Qxa5 1-0

[Event "II Scaccomatto A"]
[Site "Torino ITA"]
[Date "1998.05.01"]
[Round "7"]
[White "Dorfman, Iossif D."]
[Black "Sarno, Spartaco"]
[Result "1/2-1/2"]
[WhiteElo "2600"]
[BlackElo "2375"]
[PlyCount "100"]
[EventDate "1998.04.25"]

1.c4 Nf6 2.Nc3 e5 3.Nf3 Nc6 4.e3 d5 5.cxd5 Nxd5 6.Bb5 Nxc3 7.bxc3 Bd6 8.d4
Bd7 9.O-O O-O 10.Bxc6 Bxc6 11.dxe5 Bxf3 12.Qxf3 Bxe5 13.Ba3 Re8 14.Qxb7 
Qh4 15.g3 Qa4 16.Qb3 Qxb3 17.axb3 Bxc3 18.Rac1 Ba5 19.Rfd1 Red8 20.Kf1 Bb6
21.Ke2 h5 22.h3 f6 23.Be7 Rxd1 24.Rxd1 Kf7 25.Ba3 Ke6 26.Rc1 Rd8 27.Rc6+ 
Kd5 28.Rc4 Re8 29.g4 hxg4 30.Rxg4 g5 31.h4 gxh4 32.Rxh4 Rg8 33.Rh6 Rg1 34.
Be7 Rb1 35.b4 f5 36.Kf3 Rb2 37.Bf8 f4 38.e4+ Kc4 39.Rh2 Be3 40.Bh6 Kxb4 
41.e5 Kc5 42.e6 Kc6 43.Bg5 Bc5 44.Bxf4 a5 45.Be5 Rc2 46.Rh7 Rxf2+ 47.Ke4 
Re2+ 48.Kf5 Rf2+ 49.Ke4 Re2+ 50.Kf5 Rf2+ 1/2-1/2

[Event "II Scaccomatto A"]
[Site "Torino ITA"]
[Date "1998.05.01"]
[Round "7"]
[White "Dubois, Martine"]
[Black "Mollero, Michele"]
[Result "1/2-1/2"]
[WhiteElo "2060"]
[BlackElo "2135"]
[PlyCount "33"]
[EventDate "1998.04.25"]

1.e4 Nf6 2.e5 Nd5 3.d4 d6 4.c4 Nb6 5.exd6 cxd6 6.Be2 g6 7.Nc3 Bg7 8.h3 O-O
9.Nf3 Nc6 10.O-O e5 11.Be3 Nd7 12.Qd2 f5 13.dxe5 dxe5 14.Qd5+ Kh8 15.Rad1 
h6 16.Qb5 a6 17.Qb3 1/2-1/2

[Event "II Scaccomatto A"]
[Site "Torino ITA"]
[Date "1998.05.01"]
[Round "7"]
[White "Luther, Thomas"]
[Black "Cebalo, Miso"]
[Result "1/2-1/2"]
[WhiteElo "2510"]
[BlackElo "2515"]
[PlyCount "39"]
[EventDate "1998.04.25"]

1.e4 c5 2.Nf3 Nc6 3.d4 cxd4 4.Nxd4 g6 5.c4 Nf6 6.Nc3 d6 7.Be2 Nxd4 8.Qxd4 
Bg7 9.Bg5 O-O 10.Qd2 Be6 11.O-O Qa5 12.Rad1 Rfc8 13.b3 a6 14.f4 b5 15.f5 
b4 16.fxe6 bxc3 17.exf7+ Kf8 18.Qf4 Kxf7 19.e5 dxe5 20.Qe3 1/2-1/2

[Event "II Scaccomatto A"]
[Site "Torino ITA"]
[Date "1998.05.01"]
[Round "7"]
[White "Mastrorilli, Nicola"]
[Black "Cacco, Christian"]
[Result "0-1"]
[WhiteElo "1905"]
[BlackElo "2180"]
[PlyCount "56"]
[EventDate "1998.04.25"]

1.d4 Nf6 2.Nf3 g6 3.c4 Bg7 4.Nc3 d6 5.e3 Nbd7 6.Be2 c6 7.O-O O-O 8.Qc2 Qc7
9.b4 e5 10.dxe5 dxe5 11.Rb1 Re8 12.Nd2 Nf8 13.c5 Nd5 14.e4 Nf4 15.Nc4 N8e6
16.Nd6 Re7 17.g3 Nd4 18.Qd1 Nfxe2+ 19.Nxe2 Bg4 20.f3 Nxf3+ 21.Rxf3 Bxf3 
22.Bg5 Rd7 23.Qf1 Bxe2 24.Qxe2 a5 25.a3 h6 26.Bd2 axb4 27.Bxb4 b6 28.cxb6 
Qxb6+ 0-1

[Event "II Scaccomatto A"]
[Site "Torino ITA"]
[Date "1998.05.01"]
[Round "7"]
[White "Mordiglia, Riccardo"]
[Black "Malano, Francesco"]
[Result "0-1"]
[WhiteElo "2115"]
[BlackElo "2050"]
[PlyCount "72"]
[EventDate "1998.04.25"]

1.Nc3 d5 2.e4 d4 3.Nce2 c5 4.Ng3 Nc6 5.Bc4 Nf6 6.Nf3 a6 7.a4 e6 8.Qe2 Qc7 
9.d3 Be7 10.O-O O-O 11.e5 Nd5 12.Re1 Bd7 13.Qe4 Ncb4 14.Qg4 Kh8 15.Ne4 
Nxc2 16.Re2 Ncb4 17.Neg5 h6 18.Qh5 Kg8 19.Nh3 Be8 20.Qg4 Kh8 21.Nf4 Kh7 
22.Qh3 Qd8 23.g4 Nxf4 24.Bxf4 Kg8 25.Qh5 b5 26.axb5 axb5 27.Rxa8 Qxa8 28.
g5 bxc4 29.gxh6 g6 30.h7+ Kh8 31.Qg4 cxd3 32.Re1 Qd8 33.h4 Kxh7 34.Kh2 Bc6
35.h5 g5 36.Bxg5 Bxg5 0-1

[Event "II Scaccomatto A"]
[Site "Torino ITA"]
[Date "1998.05.01"]
[Round "7"]
[White "Romanishin, Oleg M."]
[Black "Velikov, Petar V."]
[Result "1-0"]
[WhiteElo "2570"]
[BlackElo "2475"]
[PlyCount "115"]
[EventDate "1998.04.25"]

1.Nf3 d5 2.d4 c6 3.c4 Nf6 4.Nc3 e6 5.g3 Nbd7 6.Bg2 Bd6 7.O-O dxc4 8.Bg5 
O-O 9.Qc2 h6 10.Ne4 Be7 11.Bxf6 Nxf6 12.Nxf6+ Bxf6 13.Qxc4 Qe7 14.Qc3 c5 
15.Qxc5 Qxc5 16.dxc5 Bxb2 17.Rab1 Ba3 18.c6 bxc6 19.Rb3 Bd6 20.Rd1 Bc7 21.
Nd4 Rd8 22.Rbb1 Bd7 23.Bxc6 Bxc6 24.Nxc6 Rd6 25.Rxd6 Bxd6 26.e3 Kf8 27.a4 
Ke8 28.Rb7 a6 29.Na5 Be7 30.Kg2 g5 31.h3 h5 32.Nc6 Bd6 33.Na5 Be7 34.Nc4 
Rc8 35.Ne5 a5 36.Rb5 f6 37.Nf3 Rc5 38.Rb8+ Kf7 39.Nd4 Rc4 40.Rb7 Ke8 41.
Nxe6 Rxa4 42.Ng7+ Kf8 43.Nxh5 Rc4 44.Ng7 a4 45.Nf5 Bb4 46.Ra7 a3 47.Nd4 
Rc3 48.Ra4 Be7 49.h4 gxh4 50.gxh4 Kg8 51.Ra8+ Kf7 52.Ra7 Ke8 53.h5 Rc5 54.
Ne6 Rc8 55.Nc7+ Kf8 56.h6 Bc5 57.Ne6+ Kg8 58.Rg7+ 1-0

[Event "II Scaccomatto A"]
[Site "Torino ITA"]
[Date "1998.05.01"]
[Round "7"]
[White "Rossi, Carlo"]
[Black "Lanzani, Mario"]
[Result "1/2-1/2"]
[WhiteElo "2330"]
[BlackElo "2375"]
[PlyCount "85"]
[EventDate "1998.04.25"]

1.Nf3 Nf6 2.g3 g6 3.b3 Bg7 4.Bb2 O-O 5.Bg2 d6 6.d4 e5 7.dxe5 Nfd7 8.Qd2 
Nxe5 9.Nc3 Na6 10.O-O-O Nc5 11.Nxe5 Bxe5 12.h4 h5 13.f4 Bg7 14.e4 Bg4 15.
Rde1 c6 16.Nd1 Bxb2+ 17.Kxb2 Qf6+ 18.Qc3 Qxc3+ 19.Kxc3 Bxd1 20.Rxd1 Rfe8 
21.Rhe1 Rad8 22.b4 Ne6 23.a4 Kf8 24.Kc4 Ke7 25.c3 Rc8 26.a5 Red8 27.Kb3 
Rb8 28.Rd2 a6 29.Rf2 Nf8 30.Ref1 Nd7 31.Bh3 Rg8 32.e5 d5 33.Re1 Nf8 34.Re3
Ne6 35.Ref3 Ng7 36.f5 Nxf5 37.Bxf5 gxf5 38.Rxf5 Rxg3 39.Rxf7+ Ke6 40.R2f5 
d4 41.R7f6+ Kd5 42.e6+ Kd6 43.e7+ 1/2-1/2

[Event "II Scaccomatto A"]
[Site "Torino ITA"]
[Date "1998.05.01"]
[Round "7"]
[White "Sebastianelli, Diego"]
[Black "Arlandi, Ennio"]
[Result "0-1"]
[WhiteElo "2345"]
[BlackElo "2425"]
[PlyCount "66"]
[EventDate "1998.04.25"]

1.e4 c5 2.Nf3 e6 3.d4 cxd4 4.Nxd4 Nf6 5.Nc3 d6 6.Be3 a6 7.Qd2 b5 8.f3 Bb7 
9.g4 h6 10.O-O-O Nbd7 11.Bd3 b4 12.Nce2 d5 13.exd5 Bxd5 14.Nf4 Ne5 15.Nxd5
Qxd5 16.Kb1 Nc4 17.Bxc4 Qxc4 18.Rhe1 Be7 19.h4 Rd8 20.Qd3 Qxd3 21.Rxd3 Nd5
22.Nc6 Bxh4 23.Rh1 Rc8 24.Na7 Rc7 25.Rxd5 exd5 26.Rxh4 Re7 27.Bf2 Re2 28.
Bg3 Rg2 29.Bf4 Rg1+ 30.Bc1 Kd7 31.Rh5 Re8 32.Rxd5+ Kc7 33.Rf5 f6 0-1

[Event "II Scaccomatto A"]
[Site "Torino ITA"]
[Date "1998.05.01"]
[Round "7"]
[White "Sedina, Elena"]
[Black "Aldrovandi, Costantino"]
[Result "0-1"]
[WhiteElo "2380"]
[BlackElo "2235"]
[PlyCount "70"]
[EventDate "1998.04.25"]

1.e4 c5 2.Nf3 e6 3.d4 cxd4 4.Nxd4 Nf6 5.Nc3 d6 6.g4 Nc6 7.g5 Nd7 8.Be3 Be7
9.h4 a6 10.Qh5 O-O 11.O-O-O Nxd4 12.Bxd4 b5 13.Bd3 Ne5 14.f4 Nxd3+ 15.Rxd3
b4 16.Nd1 Qa5 17.Ne3 Bb7 18.Qf3 Rfc8 19.Ng4 Qxa2 20.Rg1 Rc4 21.Kd2 Rac8 
22.Ne3 Rxd4 23.Rxd4 Qxb2 24.Rd3 a5 25.g6 hxg6 26.h5 g5 27.fxg5 Qe5 28.g6 
f5 29.Nxf5 exf5 30.h6 Bxe4 31.h7+ Kh8 32.Qh3 Qc5 33.Rc1 Qf2+ 34.Kd1 Qg1+ 
35.Ke2 Qxc1 0-1